Pinturas e obras famosas do mundo - Statistics

Estatísticas Gerais
  • Esse quiz foi jogado 31 vezes
    21 desde o último reset
  • A pontuação média é 8 de 63
Estatísticas das Respostas
Imagem Hint Resposta % Correto
Leonardo da Vinci Monalisa
100%
Vincent van Gogh Noite estrelada
78%
Pablo Picasso Guernica
72%
Edvard Munch O grito
72%
Leonardo da Vinci A Última Ceia
56%
Vincent van Gogh Auto-retrato
39%
O Nascimento de Vênus
39%
Cândido Portinari Os Retirantes
39%
Rafael Sanzio A Escola de Atenas
33%
Leonardo da Vinci Homem Vitruviano
33%
Michelangelo David
28%
Caravaggio Medusa
28%
Tarsila do Amaral Os operários
28%
Caravaggio Narciso
17%
Tarsila do Amaral O abaporu
17%
Gustav Klimt O beijo
17%
Michelangelo Pietá
17%
Michelangelo A Criação de Adão
11%
Henri Matisse A Dança
11%
Eugène Delacroix A Liberdade Guiando o Povo
11%
Jacques-Louis David A Morte de Marat
11%
Salvador Dalí A Persistência da Memória
11%
Diego Velázquez As meninas
11%
Johannes Vermeer Moça com Brinco de Pérola
11%
Marcel Duchamp A fonte
6%
Tarsila do Amaral Antropofagia
6%
Frida Kahlo As Duas Fridas
6%
René Magritte A Traição das Imagens
6%
Edward Hopper Nighthawks
6%
René Magritte O Filho do Homem
6%
Cândido Portinari O Lavrador de Café
6%
Francisco de Goya Saturno Devorando um Filho
6%
Caravaggio A captura de Cristo
0%
Tarsila do Amaral A Cuca
0%
Salvador Dalí A desintegração da persistência da memória
0%
Katsushika Hokusai A Grande Onda de Kanagawa
0%
Claude Monet A Lagoa de lirios d'agua
0%
Tarsila do Amaral A Lua
0%
Grant Wood American Gothic
0%
Rembrandt van Rijn A Ronda Noturna
0%
James McNeill Whistler Arranjo em Cinza e Preto
0%
Salvador Dalí A Tentação de Santo Antão
0%
Edward Hopper Automat
0%
Frida Kahlo Autorretrato com Colar de Espinhos e Beija-for
0%
Vincent Van Gogh Comedores de batata
0%
Cândido Portinari Criança Morta
0%
Leonardo da Vinci Dama com Arminho
0%
Pablo Picasso Dom Quixote
0%
Vincent van Gogh Doze Girassóis numa Jarra
0%
Claude Monet Impressão, Nascer do Sol
0%
Caravaggio Judite e Holofernes
0%
Cândido Portinari Mestiço
0%
Claude Monet Mulher com guarda-sol
0%
Jacques-Louis David Napoleão cruzando os Alpes
0%
Vincent van Gogh O Quarto em Arles
0%
Francisco de Goya Os Fuzilamentos de Três de Maio
0%
Paul Cézanne Os Jogadores de Cartas
0%
Edward Hopper Quartos à beira-mar
0%
Gustav Klimt Retrato de Adele Bloch-Bauer I
0%
Leonardo da Vinci Salvador e o mundo
0%
Vincent van Gogh Terraço do Café à Noite
0%
Édouard Manet Um Bar em Folies-Bergère
0%
Caspar David Friedrich Viajante sobre o Mar de Névoa
0%
Nenhum quiz correspondente encontrado
Distribuição das Pontuações
Porcentagem de Pessoas com Cada Pontuação
Percentil de Números Respondidos
Sua Pontuação Histórica
Você não jogou esse quiz desde o último reset